Welcome to CU Library Online Public Access Catalogue (OPAC)

Hutchison's clinical methods. / (Record no. 3297)

MARC details
000 -LEADER
fixed length control field 00923cam a22002894a 4500
001 - CONTROL NUMBER
control field 12303509
005 - DATE AND TIME OF LATEST TRANSACTION
control field 20250131135254.0
008 - FIXED-LENGTH DATA ELEMENTS--GENERAL INFORMATION
fixed length control field 010208s2002 stka 001 0 eng
020 ## - INTERNATIONAL STANDARD BOOK NUMBER
International Standard Book Number 9780702025310
020 ## - INTERNATIONAL STANDARD BOOK NUMBER
International Standard Book Number 0702025313 (international ed.)
050 00 - LIBRARY OF CONGRESS CALL NUMBER
Classification number RC46
Item number .H89 2002
082 00 - DEWEY DECIMAL CLASSIFICATION NUMBER
Classification number 616.07/5
Edition information 21
245 00 - TITLE STATEMENT
Title Hutchison's clinical methods. /
Remainder of title edited by Michael Swash.
250 ## - EDITION STATEMENT
Edition statement 21st ed.
260 ## - PUBLICATION, DISTRIBUTION, ETC.
Place of publication, distribution, etc. Edinburgh ;
-- New York :
Name of publisher, distributor, etc. W.B. Saunders,
Date of publication, distribution, etc. 2002.
300 ## - PHYSICAL DESCRIPTION
Extent xii, 501 p. :
Other physical details ill. (some col.) ;
Dimensions 26 cm.
500 ## - GENERAL NOTE
General note Includes index.
650 #0 - SUBJECT ADDED ENTRY--TOPICAL TERM
Topical term or geographic name entry element Clinical medicine.
650 #0 - SUBJECT ADDED ENTRY--TOPICAL TERM
Topical term or geographic name entry element Diagnosis.
650 #0 - SUBJECT ADDED ENTRY--TOPICAL TERM
Topical term or geographic name entry element Physical diagnosis.
650 #0 - SUBJECT ADDED ENTRY--TOPICAL TERM
Topical term or geographic name entry element Medical history taking.
650 12 - SUBJECT ADDED ENTRY--TOPICAL TERM
Topical term or geographic name entry element Diagnostic Techniques and Procedures.
650 22 - SUBJECT ADDED ENTRY--TOPICAL TERM
Topical term or geographic name entry element Clinical Medicine
General subdivision methods.
700 1# - ADDED ENTRY--PERSONAL NAME
Personal name Swash, Michael.
700 1# - ADDED ENTRY--PERSONAL NAME
Personal name Hutchison, Robert,
Titles and other words associated with a name Sir,
Dates associated with a name 1871-1960.
Title of a work Clinical methods.
942 ## - ADDED ENTRY ELEMENTS (KOHA)
Source of classification or shelving scheme Library of Congress Classification
Koha item type Books
Edition 21st ed.
Suppress in OPAC No
999 ## -
-- 3297
-- 3297
Holdings
Withdrawn status Lost status Source of classification or shelving scheme Damaged status Not for loan Collection Home library Current library Shelving location Date acquired Total checkouts Full call number Barcode Date last seen Copy number Price effective from Koha item type
    Library of Congress Classification     Non-fiction Science Library (Miotso) Science Library (Miotso) General stacks 01/31/2025   RC46 .H89 CLI SLM00002660 01/31/2025 1 01/31/2025 Books
    Library of Congress Classification     Non-fiction Science Library (Miotso) Science Library (Miotso) General stacks 01/31/2025   RC46 .H89 CLI SLM00002661 01/31/2025 2 01/31/2025 Books
    Library of Congress Classification     Non-fiction Science Library (Miotso) Science Library (Miotso) General stacks 01/31/2025   RC46 .H89 CLI SLM00002695 01/31/2025 3 01/31/2025 Books
    Library of Congress Classification     Non-fiction Science Library (Miotso) Science Library (Miotso) General stacks 01/31/2025   RC46 .H89 CLI SLM00002696 01/31/2025 4 01/31/2025 Books
© 2023-2024 Copyright: Central University Libraries. All Rights Reserved | Created by: Mahone Tech Office